=LDR 00000nam 2200000 4500 =001 INLIS000000000036480 =005 20240402110715 =035 ##$$a 0010-061300000036480 =008 240402################g##########0#ind## =041 ##$$a Ind =082 ##$$a 597.679 8 =090 ##$$a 597.679 8, Rah r =245 ##$$a Rahasia kuda laut /$c Wong Comic =260 ##$$a Jakarta :$b Elex Media Komputindo,$c 2010 =300 ##$$a 32 hlm : $b ilus ; $c 14x21 cm. =650 #4$$a Kuda laut =850 ##$$a NBPNMAT =084 ##$$a 597.679 8 RAH =020 ##$$a 9789792777239 =990 ##$$a 30.792 pb.2011 =990 ##$$a 21101564 =990 ##$$a 21101563 =990 ##$$a 30.792 pb.2011